States of the america - Estadísticas

Estadísticas generales
  • Esta prueba ha sido intentada 239 veces
  • La puntuación promedio es 30 de 50
Estadísticas de respuestas
Respuesta % Correcto
A Alabama
90%
C California
89%
A Alaska
88%
A Arkansas
85%
F Florida
82%
A Arizona
78%
N New York
78%
C Colorado
77%
W Washington
74%
G Georgia
72%
H Hawaii
72%
C Connecticut
70%
I Illinois
69%
T Texas
69%
D Delaware
68%
I Idaho
68%
N Nevada
67%
O Ohio
67%
K Kansas
65%
D North Dakota
65%
I Indiana
63%
N New Mexico
63%
C North Carolina
62%
U Utah
61%
V Virginia
60%
M Michigan
59%
M Montana
59%
D South Dakota
59%
K Kentucky
58%
N New Jersey
58%
C South Carolina
57%
M Maine
56%
O Oregon
56%
N Nebraska
55%
M Minnesota
54%
M Maryland
52%
V Vermont
52%
W Wyoming
52%
R Rhode island
51%
T Tennesse
50%
N New Hampshire
49%
L Luisiana
48%
M Missisipi
47%
M Missouri
46%
O Oklahoma
44%
W Wisconsin
44%
P Pensilvania
40%
L Lowa
6%
V Occidental Virginia
6%
M Massachuchetts
4%
No se encontraron pruebas coincidentes
Distribución de puntuación
Porcentaje de gente con cada puntuación
Porcentaje por número respondido
Historial de tus puntuaciones
No has intentado esta prueba.